Public speaking today (Record no. 4755)

000 -LEADER
fixed length control field 00559 a2200181 4500
020 ## - INTERNATIONAL STANDARD BOOK NUMBER
International Standard Book Number 0844255157
040 ## - CATALOGING SOURCE
Original cataloging agency DLC
Language of cataloging DLC
082 00 - DEWEY DECIMAL CLASSIFICATION NUMBER
Classification number 808.5/1
100 1# - MAIN ENTRY--PERSONAL NAME
Personal name Carlin, Diana B.,
245 10 - TITLE STATEMENT
Title Public speaking today
Statement of responsibility, etc. Diana Prentice, James Payne ; consulting editor, Virginia Myers.
260 ## - PUBLICATION, DISTRIBUTION, ETC.
Place of publication, distribution, etc. Lincolnwood, Ill., U.S.A. :
Name of publisher, distributor, etc. National Textbook Co.,
Date of publication, distribution, etc. c1989.
300 ## - PHYSICAL DESCRIPTION
Extent vii, 499 p. :
Other physical details ill. ;
Dimensions 24 cm.
500 ## - GENERAL NOTE
General note Includes indexes.
650 #0 - SUBJECT ADDED ENTRY--TOPICAL TERM
Topical term or geographic name entry element Public speaking.
700 1# - ADDED ENTRY--PERSONAL NAME
Personal name Payne, James,
Dates associated with a name 1950-
700 1# - ADDED ENTRY--PERSONAL NAME
Personal name Myers, Virginia
942 ## - ADDED ENTRY ELEMENTS (KOHA)
Koha item type Book
Call number prefix 808.51 PRE
Source of classification or shelving scheme
Holdings
Withdrawn status Lost status Damaged status Not for loan Collection code Permanent Location Current Location Shelving location Date acquired Source of acquisition Total Checkouts Full call number Barcode Date last seen Date last checked out Price effective from Koha item type
          Central Library (CL) Central Library (CL) General Stacks 08/01/2003 Donation 3 808.51 PRE SEECS003731 02/24/2026 01/20/2026 01/05/2017 Book
© 2023 Central Library, National University of Sciences and Technology. All Rights Reserved.